000 00335 a2200157 4500
001 47366
020 _a2016
040 _cAnchieta - Aquarius
100 _aMachado, Ana Maria
240 1 0 _a#Simbad, o marujo
_lpor
245 1 0 _a#Simbad, o marujo
300 _a62 p.
362 0 _a2010
650 4 _aLiteratura juvenil
942 _cBK
999 _c47366
_d47366